000 00335 a2200133 4500
999 _c324880
_d324880
001 89807
003 NUST
082 _a813.6 MOR
100 _aMorgenstern Erin
_99837
245 _aThe Night Circus (A Novel)
_cErin Morgenstern
260 _aLondon
_bVintage Books
_c2011
300 _aiv, 502p.
500 _aGeneral Books
942 _aCAE NUST
_cBK
_k813.6 MOR
_2ddc